| 000 | 01053nam a2200229 i 4500 | ||
|---|---|---|---|
| 001 | 184972 | ||
| 003 | ES-MaACL | ||
| 005 | 20251013063142.0 | ||
| 008 | 160301s1898 sp |||| | spa d | ||
| 080 | _a656.835.11(460)(085.2) | ||
| 100 | 1 |
_aGálvez Jiménez, Miguel, _dn. 1864 _9158904 |
|
| 245 | 1 | 0 |
_aCatálogo descriptivo de los sellos de correos y telégrafos emitidos desde 1840 a enero de 1898 : _bprecios corrientes a que se pueden adquirir en el establecimiento filatélico de Miguel Gálvez Jiménez, sucesor de López. |
| 250 | _a1ª ed. del Universal y 6ª de España y sus colonias. | ||
| 260 |
_a[S.l. : _bs.n.], _c1898 ( _eMadrid : _fImp. de los hijos de M.G. Hernández) |
||
| 300 |
_a780 p. : _bil. ; _c18 cm. |
||
| 530 | _aDisponible en formato digital. | ||
| 650 |
_aSellos de correos- _zEspaña. _9171984 |
||
| 650 |
_aSellos de correos- _vCatálogos. _917032 |
||
| 852 |
_aES-MaACL _jG-13974 |
||
| 856 |
_uhttp://bdh-rd.bne.es/viewer.vm?id=0000012241&page=1 _zBiblioteca Digital Hispánica |
||
| 999 |
_c184972 _d184972 |
||